000 01733nam a2200241Ia 4500
008 260220t1927||||xx |||||||||||||| ||spa||
040 _aPY-SlUNAC
_bspa
_erda
041 _aspa
082 _a512.72
_bP268g
100 _aPastor, Julio Rey
_eAutor
245 0 _aGeometría racional /
_cpor Julio Rey Pastor [Autor]
264 _aBuenos Aires :
_bEl Ateneo,
_c℗1927.
300 _a1 volumen
520 _a"Geometría racional" de J. Rey Pastor es una obra fundamental en la que se aborda la geometría desde una perspectiva algebraica y racional. El autor, reconocido matemático argentino, propone un enfoque que integra conceptos de la geometría clásica con las nuevas corrientes del pensamiento matemático del siglo XX. A lo largo del texto, Pastor examina las propiedades de las figuras geométricas y su representación a través de ecuaciones algebraicas, promoviendo una comprensión más profunda de las relaciones espaciales. Además, el libro enfatiza la importancia de la geometría como un lenguaje universal y su aplicación en diversos campos, desde la física hasta la ingeniería. La obra también incluye ejemplos y ejercicios que permiten al lector interactuar con los conceptos presentados, facilitando así un aprendizaje práctico. Con su estilo claro y riguroso, Pastor no solo contribuye al desarrollo de la geometría racional, sino que también inspira a nuevas generaciones de matemáticos a explorar esta disciplina en constante evolución.
653 _aCiencias exactas
653 _aGeometría
653 _aMatemáticas
942 _b2026/02/17
_cBK
999 _c7488
_d7488